Normal view
MARC view
- السياحة - جوانب اقتصادية - السياحة - تخطيط
Entry Topical Term
001 - CONTROL NUMBER
- control field: 50984
003 - CONTROL NUMBER IDENTIFIER
- control field: JO-AjAnu
005 - DATE AND TIME OF LATEST TRANSACTION
- control field: 20230606082406.0
008 - FIXED-LENGTH DATA ELEMENTS
- fixed length control field: 230606|| aca||aabn | a|a d
040 ## - CATALOGING SOURCE
- Original cataloging agency: JO-AjAnu
- Transcribing agency: JO-AjAnu
150 ## - HEADING--TOPICAL TERM
- Topical term or geographic name entry element: السياحة - جوانب اقتصادية - السياحة - تخطيط
670 ## - SOURCE DATA FOUND
- Source citation: Work cat.: (JO-AjAnu)26060: تاليف الحوري، منى طه، م.مشارك إسماعيل محمد علي, author 50983, مبادئ السفر والسياحة